Catálogo

Enseñar y aprender por competencias. (Registro nro. 63764)

Detalles MARC
000 -LEADER
fixed length control field 01345nam a2200325 i 4500
001 - CONTROL NUMBER
control field 63764
003 - CONTROL NUMBER IDENTIFIER
control field Mx-PuUPA
005 - DATE AND TIME OF LATEST TRANSACTION
control field 20260127092622.0
008 - FIXED-LENGTH DATA ELEMENTS--GENERAL INFORMATION
fixed length control field 151209s2011 sp a gr 001 0 spa d
017 ## - COPYRIGHT OR LEGAL DEPOSIT NUMBER
Copyright or legal deposit number M-8738-2011
020 ## - INTERNATIONAL STANDARD BOOK NUMBER
International Standard Book Number 9788497274081
040 ## - CATALOGING SOURCE
Transcribing agency mx
Original cataloging agency Mx-PuUPA
Language of cataloging spa
Modifying agency Mx-PuUPA
Description conventions rda
041 0# - LANGUAGE CODE
Language code of text/sound track or separate title spa
100 1# - MAIN ENTRY--PERSONAL NAME
Personal name Viso Alonso, José Ramiro
Relator term autor
9 (RLIN) 1365
245 10 - TITLE STATEMENT
Title Enseñar y aprender por competencias.
Number of part/section of a work Vol II,
Name of part/section of a work Cómo programar las competencias /
Statement of responsibility, etc. José Ramiro Viso Alonso
264 #1 - PRODUCTION, PUBLICATION, DISTRIBUTION, MANUFACTURE, AND COPYRIGHT NOTICE
Place of production, publication, distribution, manufacture España :
Name of producer, publisher, distributor, manufacturer Editorial EOS,
Date of production, publication, distribution, manufacture, or copyright notice [2011?]
300 ## - PHYSICAL DESCRIPTION
Extent 280 páginas :
Other physical details ilustraciones (blanco y negro) ;
Dimensions 25 cm.
336 ## - CONTENT TYPE
Content type term texto
Fuente rdacontent
Content type code txt
337 ## - MEDIA TYPE
Media type term sin medio
Source rdamedia
Media type code n
338 ## - CARRIER TYPE
Carrier type term volumen
Source rdacarrier
Carrier type code nc
490 0# - SERIES STATEMENT
Series statement Colección Materiales y Recursos Educativos
650 #7 - SUBJECT ADDED ENTRY--TOPICAL TERM
Topical term or geographic name entry element Evaluación educativa
Source of heading or term armarc
650 #7 - SUBJECT ADDED ENTRY--TOPICAL TERM
Topical term or geographic name entry element Fomación profesional de maestros
Source of heading or term armarc
650 #7 - SUBJECT ADDED ENTRY--TOPICAL TERM
Topical term or geographic name entry element Proceso educativo
Source of heading or term armarc
942 ## - ADDED ENTRY ELEMENTS (KOHA)
Source of classification or shelving scheme Dewey Decimal Classification
Koha item type Libro
Classification part 371.144
Item part V82
Existencias
Withdrawn status Lost status Source of classification or shelving scheme Damaged status Not for loan Collection code Home library Current library Shelving location Date acquired Source of acquisition Total Checkouts Full call number Barcode Checked out Date last seen Date last checked out Price effective from Koha item type Cost, normal purchase price Serial Enumeration / chronology Cost, replacement price
    Dewey Decimal Classification     Magisterial Biblioteca Karol Wojtyla Biblioteca Karol Wojtyla Módulo de circulación 09/12/2015 Compra 1 371.144 VIS 2011 94911 18/04/2018 18/04/2018 18/04/2018 14/06/2017 Magisterial      
    Dewey Decimal Classification     General Biblioteca Karol Wojtyla Biblioteca Karol Wojtyla Sala general 19/01/2026 11   371.144 V82 2011 106271   03/02/2026   19/01/2026 Libro 911.60 v.2 911.60